MDQL
is popping MORE tags! Check the
thread
!
Quizzes
Events
Quiz Creation
Community
Videos
Private Events
Remove Ads
Sign In
Join for FREE
Feedback
Dark Mode
Quiz Categories
Sports
Geography
Music
Movies
Television
Just For Fun
Miscellaneous
History
Literature
Language
Science
Gaming
Entertainment
Religion
Holiday
For Kids
Quiz Lab
Recent
Popular Today
Quiz Kudos Today
Editor Picks
Curator Picks
Quizzes by...
Day
Popularity
Type
Ratings
Length
Year
Community
Subscriptions
Recent Discussions
Orange Saloon
Badges
Playlists
Quests
Create
Leaderboards
Showdown
Live 5
Trivia Bingo
Activity
Puzzle Library
Sporcle Events
Private Events
Virtual Trivia
Globe League
Become a Host
Pub Owners
SporcleCon
Opinionation
Our Games
Videos
Blog
Mobile Apps
Partnerships
Remove Ads and Go Orange
Feedback
Music
Pop Music
The Beatles
Song
Album
Lyrics
Bands
Singers
Artist
Clip
Rock
Rap
Classical
Billboard
Country Music
Kpop
Taylor Swift
Music
Pop Music
The Beatles
Song
Album
Lyrics
Bands
Singers
Artist
Clip
Rock
Rap
Classical
Billboard
Country Music
Kpop
Taylor Swift
Random Quiz
Search Sporcle
×
Quiz Lab
Quiz Lab
Music
Clip
Type in answers that appear in a list
Type in answers that appear in a list
Classic
Best Score? Go Orange.
Chipmunked: 90s Songs Stats
Can you name the songs from the 1990s that have been pitch-shifted up?
By
Skint1987
10m
20 Questions
517 Plays
517 Plays
517 Plays
Comments
Comments
Give Quiz Kudos
Give Quiz Kudos
-
- Ratings
hide this ad
More Info
Replay
Link that replays current quiz
Next Quiz
Link to next quiz in quiz playlist
You Got
0%
They Got
Avg Score
60%
Avg Friend Score
Upgrade to see
Score Distribution
Jump to the score distribution portion of the page
Score
0/20
Timer
10:00
0
Plays Today
Time
Song Title
% Correct
0:48
I Want It That Way
91.7%
0:12
Ice Ice Baby
87.2%
0:24
Baby Got Back
86.7%
0:00
Californication
85.9%
3:00
Blue (Da Ba Dee)
84.5%
2:24
Kiss Me
83.2%
3:36
Torn
73.5%
0:36
One Week
70.6%
2:36
Buddy Holly
66%
1:00
Insane In The Brain
65.8%
Time
Song Title
% Correct
2:48
Black Hole Sun
65.4%
1:24
Don't Look Back In Anger
53.2%
1:12
Even Flow
48.9%
1:36
All That She Wants
48.9%
3:48
Blame Canada
44.3%
1:48
Tonight Tonight
41.4%
2:00
It's Like That
31.5%
2:12
Let Me Entertain You
31.5%
3:24
Celebrity Skin
29.4%
3:12
Keep On Movin'
18.4%
Quiz Playlist
Details
Report
Send in Message
Add To Playlist
More Info:
technically the first song was released as a single in 2000, but the album was released in 1999 so it's sort of ok :p
Classic:
Type in answers that appear in a list
Last Updated: Feb 16, 2017
Quiz Scoreboard
CHALLENGE
Sign Up to Join the Scoreboard
Show All
Scores
Hide
Comments
May contain spoilers
Recently Published
1-10 Letter E Words III
by El_Dandy
Language
2m
Street Fighter Characters
by Artimus82
Gaming
60s
College Basketball Coaching Resumes
by pancakes188
Sports
9m
More to Explore
Quiz From the Vault
Featured Blog Post
Where Did the Easter Bunny Come From?
hide this ad
You Might Also Like...
Tags
Clip Quiz
Song Quiz
Audio Quiz
Music Clip
Song List
Today's Top Quizzes in Music
Browse Music
hide this ad
Today's Top Quizzes in Clip
Browse Clip
Top Contributed Quizzes in Music
1
Taylor Swift All Songs (2024)
2
Taylor Swift Logic Puzzle
3
Guess the Artist- 70s Songs
4
7-to-1: Billboard Hot 100 #1 Hits of 2010s
5
Sorting Albums and Songs
6
KPOP LOGIC QUIZ
7
Billboard Blitz: Aretha Franklin
8
Guess the Taylor Swift song (Mystery Song)
9
Guess The Taylor Swift Lyrics Song #1
10
Billboard Blitz: ABBA
Explore More
Trending Topics
Crossword
NBA
Harry Potter
Kpop
Marvel
Disney
Anime
Puzzle
The Office
Pokémon
Song
Soccer
NFL
WWE
Country
hide this ad
More By:
Skint1987
Quiz
Plays
Rating
Category
Featured
Created
Click the American Actors
68,924
4.41
Movies
May 14, 2013
Music Video Clips 90s 2
3,774
4.60
Music
Jan 26, 2012
Advert Clips (UK)
3,392
4.87
Television
Sep 25, 2011
Music Video Clips 80s 2
2,274
4.86
Music
Jan 31, 2012
Kazoo Cover Versions
1,332
4.47
Music
Sep 19, 2011
Go to Creator's Profile
Score Distribution
Quiz Creator Spotlight
Skint1987
Follow
Send a Message
Quizzes Created
-
Created Quiz Play Count
-
More By This Creator
Popular Quizzes Today
1
Find the US States - No Outlines Minefield
2
Find the Countries of Europe - No Outlines Minefield
3
Find the US States
4
The Countries of the World
5
Risky Map Clicking: Biggest States A-Z
6
US States
7
Popular People in 1961
8
Movies - When Are They Set?
More Music Quizzes
Super Junior members
Quiz Lab
Trending Quizzes
Risky Map Clicking: Least Populous States A-Z
1-10 Letter G Words
Countries of the World: 200 Million BC
1-10 Letter F Words
Risky Map Clicking: Next State Alphabetically
Recently Updated
Largest US Cities 1790-2010
pecheneg
Rides in Walt Disney World
pecheneg
Most Oscar Losses (Acting)
pecheneg
Beyoncé Albums
pecheneg
Leaping Animals
pecheneg
Reality TV Shows (A-Z)
bhenderson79
Rickey Henderson's Hall of Fame Teammates
pecheneg
Champions League XIs: Arsenal
pecheneg
Quick Pick: Celebrities in WWE's Hall of Fame
aduchscher
A-Z Keypad Blitz II
pecheneg
Trending Topics
Marvel
Harry Potter
Anime
Disney
Crossword
Kpop
NBA
Song
Puzzle
Pokémon
Soccer
Country
WWE
The Office
NFL
Your Account Isn't Verified!
In order to create a playlist on Sporcle, you need to verify the email address you used during registration. Go to your
Sporcle Settings
to finish the process.
Report this User
Report this user for behavior that violates our
Community Guidelines
.
Details:
Send Report
Go to the Sporcle.com Mobile Site →
Comments